000 00425nam a2200157Ia 4500
003 GCL
008 140319s9999 xx 000 0 ara d
040 _aGCL /
_cGCL
082 0 4 _aط
_b372.72
_bع ا
100 1 _aعاطف عبدالرشيد
245 1 0 _aدفتر الجمع والطرح /
_cعاطف عبدالرشيد
490 _a
650 0 4 _aالاطفال
650 0 4 _aتعليم الاطفال
942 _2ddc
_cBK
999 _c42152
_d42152